<?xml version="1.0" encoding="UTF-8"?><?xml-stylesheet type="text/xsl" href="static/style.xsl"?><OAI-PMH xmlns="http://www.openarchives.org/OAI/2.0/" xmlns:xsi="http://www.w3.org/2001/XMLSchema-instance" xsi:schemaLocation="http://www.openarchives.org/OAI/2.0/ http://www.openarchives.org/OAI/2.0/OAI-PMH.xsd"><responseDate>2026-05-14T10:47:28Z</responseDate><request verb="GetRecord" identifier="oai:repisalud.isciii.es:20.500.12105/25161" metadataPrefix="marc">https://repisalud.isciii.es/rest/oai/request</request><GetRecord><record><header><identifier>oai:repisalud.isciii.es:20.500.12105/25161</identifier><datestamp>2025-12-18T12:57:04Z</datestamp><setSpec>com_20.500.12105_25100</setSpec><setSpec>com_20.500.12105_6723</setSpec><setSpec>com_20.500.12105_2337</setSpec><setSpec>com_20.500.12105_2336</setSpec><setSpec>col_20.500.12105_25101</setSpec></header><metadata><record xmlns="http://www.loc.gov/MARC21/slim" xmlns:dcterms="http://purl.org/dc/terms/" xmlns:doc="http://www.lyncode.com/xoai" xmlns:xsi="http://www.w3.org/2001/XMLSchema-instance" xsi:schemaLocation="http://www.loc.gov/MARC21/slim http://www.loc.gov/standards/marcxml/schema/MARC21slim.xsd">
   <leader>00925njm 22002777a 4500</leader>
   <datafield ind2=" " ind1=" " tag="042">
      <subfield code="a">dc</subfield>
   </datafield>
   <datafield ind2=" " ind1=" " tag="720">
      <subfield code="a">Franganilla, Jorge</subfield>
      <subfield code="e">author</subfield>
   </datafield>
   <datafield ind2=" " ind1=" " tag="260">
      <subfield code="c">2023-10</subfield>
   </datafield>
   <datafield ind2=" " ind1=" " tag="520">
      <subfield code="a">Objetivo: Concienciar sobre el potencial y las limitaciones de los modelos de lenguaje como herramienta de apoyo a la investigación en ciencias de la salud, sobre la necesidad de un código ético en su uso, y sobre el papel que puede asumir el colectivo bibliotecario para favorecer un uso crítico y responsable de la inteligencia artificial generativa. Contenidos: Los grandes modelos de lenguaje son capaces de procesar y generar textos en varios idiomas, gracias al entrenamiento con enormes volúmenes de datos. Estas herramientas dominan el lenguaje natural y pueden realizar tareas lingüísticas como producir o traducir textos, o clasificar o extraer información. Por eso, pueden ser útiles para la investigación en ciencias de la salud. Pueden facilitar la búsqueda y el análisis de información, la escritura y el resumen de artículos médicos, la divulgación de temas sanitarios o la comunicación entre profesionales sanitarios y pacientes, entre otras posibilidades. Esta ponencia abordará el uso de los modelos de lenguaje para facilitar la investigación en ciencias de la salud y sus beneficios. Asimismo, analizará los desafíos y las limitaciones de esta tecnología, que puede producir respuestas erróneas, aunque elocuentes, y que requiere además un uso ético. Por último, reflexionará sobre el rol del colectivo bibliotecario frente a las oportunidades y los riesgos de esta tecnología. La profesión bibliotecaria puede promover el buen uso de las fuentes de información y el uso crítico, ético y responsable de las nuevas herramientas de inteligencia artificial.</subfield>
   </datafield>
   <datafield ind1="8" ind2=" " tag="024">
      <subfield code="a">XVII Jornadas de Información y Documentación en Ciencias de la Salud - Bibliosalud 2023. Valladolid 19 y 20 de octubre de 2023.</subfield>
   </datafield>
   <datafield ind1="8" ind2=" " tag="024">
      <subfield code="a">https://hdl.handle.net/20.500.12105/25161</subfield>
   </datafield>
   <datafield tag="653" ind2=" " ind1=" ">
      <subfield code="a">Inteligencia artificial</subfield>
   </datafield>
   <datafield tag="653" ind2=" " ind1=" ">
      <subfield code="a">Bibliotecas de ciencias de la salud</subfield>
   </datafield>
   <datafield tag="653" ind2=" " ind1=" ">
      <subfield code="a">Modelos de lenguaje</subfield>
   </datafield>
   <datafield tag="653" ind2=" " ind1=" ">
      <subfield code="a">Herramienta de apoyo a la investigación</subfield>
   </datafield>
   <datafield tag="653" ind2=" " ind1=" ">
      <subfield code="a">Análisis de información</subfield>
   </datafield>
   <datafield tag="653" ind2=" " ind1=" ">
      <subfield code="a">Ética de la investigación</subfield>
   </datafield>
   <datafield ind2="0" ind1="0" tag="245">
      <subfield code="a">Bibliotecas, salud e inteligencia artificial: el papel de los grandes modelos de lenguaje</subfield>
   </datafield>
</record></metadata></record></GetRecord></OAI-PMH>